Hyperspherical harmonics and generalized Sturmians /

Bibliographic Details
Main Author: Avery, John
Corporate Author: NetLibrary, Inc
Format: eBook
Language:English
Published: New York : Kluwer Academic Publishers, [2002]
Series:Progress in theoretical chemistry and physics ; v. 4.
Subjects:
Online Access:Connect to the full text of this electronic book

MARC

Tag First Indicator Second Indicator Subfields
LEADER 00000cam a2200000La 4500
001 in00002243421
005 20190326183410.0
006 m u
007 cr cn|
008 020730s2002 nyua sb 001 0 eng d
020 |a 0306469448 (electronic bk.) 
020 |a 9780306469442 (electronic bk.) 
029 1 |a NLGGC  |b 251712516 
035 |a (OCoLC)ocm50553000 
035 |a (OCoLC)50553000 
040 |a N$T  |c N$T  |d OCLCQ  |d UtOrBLW 
049 |a TXAM 
050 1 4 |a QD462.6.M36  |b A94 2002eb 
082 0 4 |a 541.2/8  |2 21 
100 1 |a Avery, John. 
245 1 0 |a Hyperspherical harmonics and generalized Sturmians /  |c by John Avery. 
264 1 |a New York :  |b Kluwer Academic Publishers,  |c [2002] 
264 4 |c ©2002 
300 |a 196 pages :  |b illustrations ;  |c 25 cm. 
336 |a text  |b txt  |2 rdacontent 
337 |a computer  |b c  |2 rdamedia 
338 |a online resource  |b cr  |2 rdacarrier 
490 1 |a Progress in theoretical chemistry and physics ;  |v v. 4 
504 |a Includes bibliographical references (pages 163-192) and index. 
533 |a Electronic reproduction.  |b Boulder, Colo. :  |c NetLibrary,  |d 2002.  |n Available via World Wide Web.  |n Access may be limited to NetLibrary affiliated libraries. 
500 |a Electronic resource. 
650 0 |a Many-body problem. 
650 0 |a Quantum chemistry  |x Mathematics. 
655 7 |a Electronic books.  |2 local 
710 2 |a NetLibrary, Inc. 
776 1 |c Original  |z 0792360877 
830 0 |a Progress in theoretical chemistry and physics ;  |v v. 4. 
856 4 0 |u http://proxy.library.tamu.edu/login?url=http://www.netLibrary.com/urlapi.asp?action=summary&v=1&bookid=66763  |z Connect to the full text of this electronic book  |t 0 
994 |a 92  |b TXA 
999 |a MARS 
999 f f |s 0f77f0bf-113a-35ed-8ac3-1839f9c36511  |i aac283f9-25c3-3be8-b664-34aa55c96cb4  |t 0 
952 f f |a Texas A&M University  |b College Station  |c Electronic Resources  |d Available Online  |t 0  |e QD462.6.M36 A94 2002eb  |h Library of Congress classification 
998 f f |a QD462.6.M36 A94 2002eb  |t 0  |l Available Online